|
|
|
|
| LEADER |
00572cam a2200193 7i4500 |
| 001 |
0000029858 |
| 005 |
20130918090000.0 |
| 020 |
0 |
0 |
|a 9781780050379
|
| 090 |
0 |
0 |
|a CARI 917.29
|b CAR
|
| 245 |
0 |
0 |
|a Insight guides :
|b Caribbean the Lasser Antilles.
|
| 250 |
0 |
0 |
|a 6th ed.
|
| 260 |
0 |
0 |
|a Singapore:
|b APA Publishing,
|c 2012.
|
| 300 |
# |
# |
|a 368 p.
|
| 440 |
0 |
0 |
|a Insight guide
|
| 650 |
0 |
0 |
|a Caribbean Area --
|x Guidebooks
|
| 650 |
0 |
0 |
|a Lasser Antilles --
|x Guidebooks
|
| 651 |
0 |
0 |
|a Caribbean Area
|
| 651 |
0 |
0 |
|a Lasser Antilles
|
| 999 |
|
|
|a B000033124
|b Book
|c Regions
|e Business Information Centre
|